La Basílica de Santa Eulalia de Mérida. Arqueología y urbanismo / (Record no. 71746)

MARC details
000 -LEADER
campo de control de longitud fija 01392cam a2200385Mi 4500
001 - NÚMERO DE CONTROL
campo de control 55996
005 - FECHA Y HORA DE LA ÚLTIMA TRANSACCIÓN
campo de control 20230410124133.0
008 - DATOS DE LONGITUD FIJA--INFORMACIÓN GENERAL
campo de control de longitud fija 990930s1999 sp oa 000 0 spa d
035 ## - NÚMERO DE CONTROL DEL SISTEMA
Número de control de sistema (OCoLC)ocm42473943
040 ## - FUENTE DE CATALOGACIÓN
Centro catalogador/agencia de origen I5B
Lengua de catalogación spa
Centro/agencia transcriptor I5B
Centro/agencia modificador PL#
-- OCLCQ
020 ## - NÚMERO INTERNACIONAL ESTÁNDAR DEL LIBRO
Número Internacional Estándar del Libro 8400078071
020 ## - NÚMERO INTERNACIONAL ESTÁNDAR DEL LIBRO
Número Internacional Estándar del Libro 9788400078072
029 0# - OTRO NÚMERO DE CONTROL DE SISTEMA (OCLC)
Identificador de la biblioteca OCLC I5B
Número de control de sistema 95027
035 ## - NÚMERO DE CONTROL DEL SISTEMA
Número de control de sistema (OCoLC)42473943
045 ## - PERIODO DE TIEMPO DEL CONTENIDO
Código de periodo de tiempo d9n0
050 14 - SIGNATURA TOPOGRÁFICA DE LA BIBLIOTECA DEL CONGRESO
Número de clasificación NA 5811
Número de ítem M425b 1999
049 ## - FONDOS LOCALES (OCLC)
Biblioteca depositaria GRAL
100 1# - ENTRADA PRINCIPAL--NOMBRE DE PERSONA
Nombre de persona Mateos Cruz, Pedro.
245 13 - MENCIÓN DEL TÍTULO
Título La Basílica de Santa Eulalia de Mérida. Arqueología y urbanismo /
Mención de responsabilidad, etc. Pedro Mateos Cruz.
260 ## - PUBLICACIÓN, DISTRIBUCIÓN, ETC.
Lugar de publicación, distribución, etc. Madrid :
Nombre del editor, distribuidor, etc. Consejo Superior de Investigaciones Científicas - CSIC,
Fecha de publicación, distribución, etc. 1999.
300 ## - DESCRIPCIÓN FÍSICA
Extensión 249 p. :
Otras características físicas Fotografias, Il. ;
Dimensiones 28 cm.
440 #0 - MENCIÓN DE SERIE/PUNTO DE ACCESO ADICIONAL--TÍTULO
Título Anejos de Archivo Español de Arqueología ;
Designación de volumen o secuencia 19
500 ## - NOTA GENERAL
Nota general Rustica.
610 20 - PUNTO DE ACCESO ADICIONAL DE MATERIA--NOMBRE DE ENTIDAD CORPORATIVA
Nombre de entidad corporativa o nombre de jurisdicción como elemento de entrada Basílica de Santa Eulalia (Mérida, Spain)
650 #0 - PUNTO DE ACCESO ADICIONAL DE MATERIA--TÉRMINO DE MATERIA
Término de materia o nombre geográfico como elemento de entrada Excavations (Archaeology)
Subdivisión geográfica Spain
-- Mérida.
651 #0 - PUNTO DE ACCESO ADICIONAL DE MATERIA--NOMBRE GEOGRÁFICO
Nombre geográfico Mérida (Spain)
Subdivisión general Buildings, structures, etc.
653 ## - TÉRMINO DE INDIZACIÓN--NO CONTROLADO
Término no controlado Iglesia de Santa Eulalia de Merida (España).
653 ## - TÉRMINO DE INDIZACIÓN--NO CONTROLADO
Término no controlado Arqueologia
-- Merida (Extremadura, España)
856 42 - LOCALIZACIÓN Y ACCESO ELECTRÓNICOS
Materiales especificados Más?... busque en WorldCat (solo desde FUNGLODE)
Identificador Uniforme de Recursos <a href="www.firstsearch.oclc.org/fsip">www.firstsearch.oclc.org/fsip</a>
938 ## -
-- Iberbook International S.L.
-- IBER
-- 95027
-- P5000
938 ## -
-- Puvill Libros
-- PUVL
-- 8400078071
-- $22.99
942 ## - ELEMENTOS DE ENTRADA SECUNDARIOS (KOHA)
Fuente del sistema de clasificación o colocación Clasificación de Library of Congress
Tipo de ítem Koha
946 ## - PROCESAMIENTO DE INFORMACIÓN LOCAL (OCLC)
a mfcruz
994 ## -
-- C0
-- DRFGD
Holdings
Estatus retirado Estado de pérdida Fuente del sistema de clasificación o colocación Estado de daño No para préstamo Colección Biblioteca de origen Biblioteca actual Ubicación en estantería Fecha de adquisición Serial enumeration / chronology Signatura topográfica completa Código de barras Visto por última vez Copia número Tipo de ítem Koha
    Clasificación de Library of Congress     Humanidades Biblioteca Juan Bosch Biblioteca Juan Bosch Humanidades (4to. Piso) 10/04/2023 1 NA 5811 M425b 1999 00000057693 25/10/2018 1